Bondage: Human Rights and Development/ (Record no. 177231)

MARC details
000 -LEADER
fixed length control field 00614nam a22001817a 4500
005 - DATE AND TIME OF LATEST TRANSACTION
control field 20210215164608.0
010 ## - LCCN (DPL NO)
LC control number ENG-128975
020 ## - INTERNATIONAL STANDARD BOOK NUMBER
Terms of availability 750.00
International Standard Book Number 978-93-86473-91-2
035 ## - SYSTEM CONTROL NUMBER
System control number EN-112507
037 ## - SOURCE OF ACQUISITION
Source of stock number/acquisition DBAD/PUB
082 ## - DEWEY DECIMAL CLASSIFICATION NUMBER
Classification number 323.0954
100 ## - MAIN ENTRY--PERSONAL NAME
Personal name Mishra, Lakshmidhar
245 ## - TITLE STATEMENT
Title Bondage: Human Rights and Development/
Statement of responsibility, etc Lakshmidhar Mishra
260 ## - PUBLICATION, DISTRIBUTION, ETC. (IMPRINT)
Place of publication, distribution, etc New Delhi
Name of publisher, distributor, etc Vitasta Publishing Pvt. Ltd.
Date of publication, distribution, etc 2020
270 ## - ADDRESS
City New Delhi
Address 2/15, Ansari Roaad, Daryaganj
Postal code 110002
Electronic mail address info@vitastapublishing.com
300 ## - PHYSICAL DESCRIPTION
Extent xxiii+403p.
Dimensions 22cm(hbk)
Other physical details including index.
942 ## - ADDED ENTRY ELEMENTS (KOHA)
Source of classification or shelving scheme Dewey Decimal Classification
Item type English Books
Classification part 323.0954
Call number suffix MIS
Holdings
Withdrawn status Lost status Not for loan Collection code Home library Current library Date acquired Source of acquisition Cost, normal purchase price Full call number Barcode Copy number Cost, replacement price Koha item type
      Non-fiction Ashok Vihar Ashok Vihar 15/02/2021 DBAD/PUB 750.00 323.0954 MIS EN-112507 1 750.00 English Books

© Delhi Public Library
Hit Counter
free hit counter